Principios de administración escolar
Saved in:
| Main Authors: | , |
|---|---|
| Format: | Bog |
| Sprog: | spansk |
| Udgivet: |
Buenos Aires
Troquel
1968
|
| Serier: | Biblioteca de la Nueva Educación
|
| Fag: | |
| Tags: |
Tilføj Tag
Ingen Tags, Vær først til at tagge denne postø!
|
MARC
| LEADER | 00000nam a2200000 a 4500 | ||
|---|---|---|---|
| 001 | UCU0532 | ||
| 003 | CL-VaPUC | ||
| 008 | 960322e19680000AG |||||||||||||||||spa|d | ||
| 082 | 0 | 4 | |a 371.2 |b JEN |2 21 |
| 100 | 0 | |a Jenson, Theodore J |e author |9 355776 | |
| 700 | 0 | |a Clark, David L |e author |9 355777 | |
| 245 | 1 | 0 | |a Principios de administración escolar |
| 300 | |a 152 p | ||
| 942 | |c BK | ||
| 945 | |d 19960322 00:00:00 |a lriquelm | ||
| 260 | |a Buenos Aires |b Troquel |c 1968 | ||
| 650 | 0 | |a Administración de la enseñanza |9 261034 | |
| 650 | 0 | |a Planificación de la educación |9 307333 | |
| 650 | 0 | |a Gestión educacional |9 261035 | |
| 583 | |a last modification |c 19960322 00:00:00 |k Rodrigo Vera | ||
| 490 | 0 | |a Biblioteca de la Nueva Educación | |
| 999 | |c 245373 |d 245371 | ||
| 952 | |0 0 |1 0 |4 0 |6 371_200000000000000_JEN_1968 |7 0 |8 P |9 259859 |a BIBEDU |b BIBEDU |c BIBEDU_PB |d 2019-11-19 |i 1636197 |o 371.2 JEN 1968 |p 1636197 |r 2024-01-25 |w 2019-11-19 |y BK |k EDU | ||
| 952 | |0 0 |1 0 |4 0 |6 371_200000000000000_JEN_1968 |7 0 |8 P |9 259860 |a BIBEDU |b BIBEDU |c BIBEDU_PB |d 2019-11-19 |i 1636340 |o 371.2 JEN 1968 |p 1636340 |r 2024-01-25 |w 2019-11-19 |y BK |k EDU | ||